Population, land management, and environmental change : (Record no. 3363)
[ view plain ]
| 000 -LEADER | |
|---|---|
| fixed length control field | 01290cam a22003497a 4500 |
| 001 - CONTROL NUMBER | |
| control field | 14681112 |
| 003 - CONTROL NUMBER IDENTIFIER | |
| control field | OSt |
| 005 - DATE AND TIME OF LATEST TRANSACTION | |
| control field | 20160331145337.0 |
| 008 - FIXED-LENGTH DATA ELEMENTS--GENERAL INFORMATION | |
| fixed length control field | 061226s1996 ja ab b 000 0 eng d |
| 010 ## - LIBRARY OF CONGRESS CONTROL NUMBER | |
| LC control number | 2006438718 |
| 020 ## - INTERNATIONAL STANDARD BOOK NUMBER | |
| International Standard Book Number | 9280809563 |
| 035 ## - SYSTEM CONTROL NUMBER | |
| System control number | (CStRLIN)NJPG96-B60825 |
| 035 ## - SYSTEM CONTROL NUMBER | |
| System control number | (NjP)notisCCH8540 |
| 035 ## - SYSTEM CONTROL NUMBER | |
| System control number | (CStRLIN)NJPG96-B60825 |
| 040 ## - CATALOGING SOURCE | |
| Original cataloging agency | NjP |
| Transcribing agency | NjP |
| Modifying agency | DLC |
| 042 ## - AUTHENTICATION CODE | |
| Authentication code | lccopycat |
| 050 00 - LIBRARY OF CONGRESS CALL NUMBER | |
| Classification number | HD108.3 |
| Item number | .U58 1995 |
| 082 ## - DEWEY DECIMAL CLASSIFICATION NUMBER | |
| Classification number | 333.7 |
| Item number | POP 1996 |
| 111 2# - MAIN ENTRY--MEETING NAME | |
| Meeting name or jurisdiction name as entry element | UNU Global Environmental Forum |
| Number of part/section/meeting | (4th : |
| Date of meeting | 1995 : |
| Location of meeting | Osada, Japan) |
| 9 (RLIN) | 7535 |
| 245 10 - TITLE STATEMENT | |
| Title | Population, land management, and environmental change : |
| Remainder of title | UNU Global Environmental Forum IV / |
| Statement of responsibility, etc. | edited by Juha I. Uitto and Akiko Ono. |
| 260 ## - PUBLICATION, DISTRIBUTION, ETC. (IMPRINT) | |
| Place of publication, distribution, etc. | Tokyo, Japan : |
| Name of publisher, distributor, etc. | United Nations University, |
| Date of publication, distribution, etc. | 1996. |
| 300 ## - PHYSICAL DESCRIPTION | |
| Extent | xiii, 89 p. : |
| Other physical details | ill. ; |
| Dimensions | 25 cm. |
| 504 ## - BIBLIOGRAPHY, ETC. NOTE | |
| Bibliography, etc | Includes bibliographical references. |
| 650 #0 - SUBJECT ADDED ENTRY--TOPICAL TERM | |
| Topical term or geographic name as entry element | Land use |
| General subdivision | Environmental aspects. |
| 9 (RLIN) | 7536 |
| 650 #0 - SUBJECT ADDED ENTRY--TOPICAL TERM | |
| Topical term or geographic name as entry element | Population |
| General subdivision | Environmental aspects. |
| 9 (RLIN) | 7537 |
| 700 1# - ADDED ENTRY--PERSONAL NAME | |
| Personal name | Uitto, Juha I. |
| 9 (RLIN) | 7538 |
| 700 1# - ADDED ENTRY--PERSONAL NAME | |
| Personal name | Ono, Akiko. |
| 9 (RLIN) | 7539 |
| 856 41 - ELECTRONIC LOCATION AND ACCESS | |
| Materials specified | Table of contents only |
| Uniform Resource Identifier | http://www.loc.gov/catdir/toc/fy0709/2006438718.html |
| 906 ## - LOCAL DATA ELEMENT F, LDF (RLIN) | |
| a | 7 |
| b | cbc |
| c | copycat |
| d | 3 |
| e | ncip |
| f | 20 |
| g | y-gencatlg |
| 942 ## - ADDED ENTRY ELEMENTS (KOHA) | |
| Source of classification or shelving scheme | Dewey Decimal Classification |
| Koha item type | Short Loan |
| Withdrawn status | Lost status | Source of classification or shelving scheme | Damaged status | Not for loan | Home library | Current library | Date acquired | Inventory number | Total Checkouts | Full call number | Barcode | Date last seen | Price effective from | Koha item type |
|---|---|---|---|---|---|---|---|---|---|---|---|---|---|---|
| Dewey Decimal Classification | MUST Main Library | MUST Main Library | 31/03/2016 | 2001/14997 | 333.7 POP 1996 | 2016-0572 | 31/03/2016 | 31/03/2016 | Short Loan | |||||
| Dewey Decimal Classification | MUST Main Library | MUST Main Library | 08/04/2016 | 2001/114997 | 333.7 POP 1996 | 2016-0647 | 08/04/2016 | 08/04/2016 | Short Loan |
